000 00398nam a22001217a 4500
999 _c3114
_d3114
005 20201001150651.0
008 201001b ||||| |||| 00| 0 eng d
020 _a0139446788
040 _cCML
245 _aNew World Dictionary of the American Language.
_cGuralnik, D.B.
260 _aEnglewood Cliffs
_bPrentice-Hall, Inc.
_c1979
942 _2ddc
_cBK
_e1st Edition
_h423
_kREF 423
_mGUR